Word Ladder: Repeatedly Redundant Quiz Stats

Quiz Updated Jun 18, 2016

Challenge
Share
Tweet
Embed
Score 0/45 Timer 07:00
0 Plays Today
Clue 4-Letter Rung % Correct
Water vesselBOAT
82.5%
Laundry cycleWASH
81.7%
Actor's questROLE
79.3%
DesireWISH
75.4%
Financial valueCOST
71.3%
CableWIRE
70.1%
SmackSLAP
68.8%
Laundry cycleSPIN
68.4%
Water vesselSHIP
67.8%
CoverCOAT
67.7%
Nautical supportMAST
67.4%
Water sourceWELL
66.4%
Docking spotPORT
66%
Actor's questPART
65.1%
Excite or anger, with 'up'RILE
65.1%
PreviousPAST
64.5%
It's sometimes struckBELL
62.3%
Docking spotSLIP
62%
ExchangeSWAP
59.8%
Kind of noteMASH
59.8%
SmackBEAT
58.1%
SkyrocketRISE
57.3%
Run the showRULE
57.1%
Clue 4-Letter Rung % Correct
Place for a guardSHIN
55.2%
DesireWILL
55.1%
Run the showHOST
54.5%
TrickWILE
54.4%
TrickRUSE
54.3%
Excite or anger, with 'up'FIRE
53.4%
Pants partSEAT
53.1%
SmackSWAT
52.6%
Pants partSEAM
52.6%
PreviousFORE
52.4%
Place for a guardFORT
51.9%
Water sourceHOSE
51.8%
CableROPE
48.7%
Nautical supportBEAM
48%
DesireHOPE
46.5%
CoverSPAN
45.7%
SkyrocketSOAR
45.6%
Financial valueBILL
42.9%
Water sourceRILL
42.5%
ExchangeSPAR
37.1%
Kind of noteSOUR
35.4%
It's sometimes struckHOUR
21.4%

Today's Daily Dose

Missing Word
Jazz Songs 'C'

On This Day
January 18th

You're not logged in!

Compare scores with friends on all Sporcle quizzes.
Sign Up with Email
OR
Log In

You Might Also Like...

Show Comments

Extras

Top Quizzes Today


Score Distribution

Your Account Isn't Verified!

In order to create a playlist on Sporcle, you need to verify the email address you used during registration. Go to your Sporcle Settings to finish the process.